Escenario de guerra

Guardat en:
Dades bibliogràfiques
Autor principal: Jeftanovic, Andrea (Autor)
Format: Llibre
Idioma:espanyol
Publicat: Santiago Alfaguara 2000
Matèries:
Etiquetes: Afegir etiqueta
Sense etiquetes, Sigues el primer a etiquetar aquest registre!

MARC

LEADER 00000nam a2200000 a 4500
001 UCM0147
003 CL-VaPUC
008 020125e20000600CL |||||||||||||||||spa|d
082 0 4 |a Ch863  |b JEF  |2 21 
100 |a Jeftanovic, Andrea  |e author  |9 588870 
245 1 0 |a Escenario de guerra 
300 |a 185 p 
942 |c BK 
945 |d 20020125 00:00:00  |a vberengu 
260 |a Santiago  |b Alfaguara  |c 2000 
650 0 |a Novelas chilenas   |9 265425 
650 0 |a Literatura chilena   |9 308278 
583 |a last modification  |c 20020125 00:00:00  |k Rodrigo Vera 
999 |c 299190  |d 299188 
952 |0 0  |1 0  |4 0  |6 CH_863_000000000000000_JEF_2000  |7 0  |8 R  |9 355412  |a BIBEDU  |b BIBEDU  |c MCIRC  |d 2019-11-21  |i 3790711  |l 7  |m 2  |o Ch863 JEF 2000  |p 3790711  |r 2023-06-07  |s 2023-05-25  |w 2019-11-21  |y BK_R  |k LIT